<?xml version="1.0" encoding="UTF-8"?>
<record
    xmlns:xsi="http://www.w3.org/2001/XMLSchema-instance"
    xsi:schemaLocation="http://www.loc.gov/MARC21/slim http://www.loc.gov/standards/marcxml/schema/MARC21slim.xsd"
    xmlns="http://www.loc.gov/MARC21/slim">

  <leader>00755nam a22002177a 4500</leader>
  <controlfield tag="005">20260429171317.0</controlfield>
  <controlfield tag="008">260429b        |||||||| |||| 00| 0 eng d</controlfield>
  <datafield tag="020" ind1=" " ind2=" ">
    <subfield code="a">9789356064270</subfield>
  </datafield>
  <datafield tag="040" ind1=" " ind2=" ">
    <subfield code="c">VITAP</subfield>
  </datafield>
  <datafield tag="082" ind1=" " ind2=" ">
    <subfield code="2">23</subfield>
    <subfield code="a">658.3 ROB</subfield>
  </datafield>
  <datafield tag="100" ind1=" " ind2=" ">
    <subfield code="a">Robbins, Stephen P.</subfield>
    <subfield code="9">17433</subfield>
  </datafield>
  <datafield tag="245" ind1=" " ind2=" ">
    <subfield code="a">Organizational Behavior</subfield>
    <subfield code="c">/ Stephen P. Robbins</subfield>
  </datafield>
  <datafield tag="250" ind1=" " ind2=" ">
    <subfield code="a">18th</subfield>
  </datafield>
  <datafield tag="260" ind1=" " ind2=" ">
    <subfield code="a">Noida</subfield>
    <subfield code="b">Pearson Education India Services Pvt. Ltd.</subfield>
    <subfield code="c">2022</subfield>
  </datafield>
  <datafield tag="300" ind1=" " ind2=" ">
    <subfield code="a">796p, ill.: 25cm</subfield>
  </datafield>
  <datafield tag="500" ind1=" " ind2=" ">
    <subfield code="a">It include subject index pages.</subfield>
  </datafield>
  <datafield tag="650" ind1=" " ind2="0">
    <subfield code="a">Organizational Behavior, Individual Behavior, Motivation, Emotions and Moods, Attitudes and Job Satisfaction, Group Behavior etc.</subfield>
    <subfield code="9">17434</subfield>
  </datafield>
  <datafield tag="700" ind1=" " ind2=" ">
    <subfield code="a">Judge, Timothy A.</subfield>
    <subfield code="9">17435</subfield>
  </datafield>
  <datafield tag="700" ind1=" " ind2=" ">
    <subfield code="a">Vohra, Neharika</subfield>
    <subfield code="9">17436</subfield>
  </datafield>
  <datafield tag="942" ind1=" " ind2=" ">
    <subfield code="2">ddc</subfield>
    <subfield code="c">BK</subfield>
  </datafield>
  <datafield tag="999" ind1=" " ind2=" ">
    <subfield code="c">47406</subfield>
    <subfield code="d">47406</subfield>
  </datafield>
  <datafield tag="952" ind1=" " ind2=" ">
    <subfield code="0">0</subfield>
    <subfield code="1">0</subfield>
    <subfield code="2">ddc</subfield>
    <subfield code="3">Paper Back</subfield>
    <subfield code="4">0</subfield>
    <subfield code="7">1</subfield>
    <subfield code="8">REF</subfield>
    <subfield code="a">VSB</subfield>
    <subfield code="b">VITAP</subfield>
    <subfield code="c">REF</subfield>
    <subfield code="d">2026-04-17</subfield>
    <subfield code="e">Shah Book House Pvt. Ltd., Hyderabad</subfield>
    <subfield code="g">1180.00</subfield>
    <subfield code="i">SBH/41139</subfield>
    <subfield code="l">0</subfield>
    <subfield code="o">658.3 ROB</subfield>
    <subfield code="p">025760</subfield>
    <subfield code="r">2026-04-29 17:14:00</subfield>
    <subfield code="v">1180.00</subfield>
    <subfield code="w">2026-04-17</subfield>
    <subfield code="y">REF</subfield>
    <subfield code="z">MGT</subfield>
  </datafield>
  <datafield tag="952" ind1=" " ind2=" ">
    <subfield code="0">0</subfield>
    <subfield code="1">0</subfield>
    <subfield code="2">ddc</subfield>
    <subfield code="3">Paper Back</subfield>
    <subfield code="4">0</subfield>
    <subfield code="7">0</subfield>
    <subfield code="a">VSB</subfield>
    <subfield code="b">VITAP</subfield>
    <subfield code="c">GEN</subfield>
    <subfield code="d">2026-04-17</subfield>
    <subfield code="e">Shah Book House Pvt. Ltd., Hyderabad</subfield>
    <subfield code="g">1180.00</subfield>
    <subfield code="i">SBH/41139</subfield>
    <subfield code="l">0</subfield>
    <subfield code="o">658.3 ROB</subfield>
    <subfield code="p">025761</subfield>
    <subfield code="r">2026-04-29 17:14:43</subfield>
    <subfield code="v">1180.00</subfield>
    <subfield code="w">2026-04-17</subfield>
    <subfield code="y">BK</subfield>
    <subfield code="z">MGT</subfield>
  </datafield>
  <datafield tag="952" ind1=" " ind2=" ">
    <subfield code="0">0</subfield>
    <subfield code="1">0</subfield>
    <subfield code="2">ddc</subfield>
    <subfield code="3">Paper Back</subfield>
    <subfield code="4">0</subfield>
    <subfield code="7">0</subfield>
    <subfield code="a">VSB</subfield>
    <subfield code="b">VITAP</subfield>
    <subfield code="c">GEN</subfield>
    <subfield code="d">2026-04-17</subfield>
    <subfield code="e">Shah Book House Pvt. Ltd., Hyderabad</subfield>
    <subfield code="g">1180.00</subfield>
    <subfield code="i">SBH/41139</subfield>
    <subfield code="l">0</subfield>
    <subfield code="o">658.3 ROB</subfield>
    <subfield code="p">025762</subfield>
    <subfield code="r">2026-04-29 17:14:43</subfield>
    <subfield code="v">1180.00</subfield>
    <subfield code="w">2026-04-17</subfield>
    <subfield code="y">BK</subfield>
    <subfield code="z">MGT</subfield>
  </datafield>
</record>
